Movies Quiz

Random Movies or Clickable Quiz

MCU One-Shot cast and characters Quiz Stats

 Plays Quiz not verified by Sporcle

Score 0/12 Timer 04:00
0 Plays Today
% Correct
Peggy Carter
98.8%
Phil Coulson
93.9%
Howard Stark
87.8%
Trevor Slattery
86.6%
Timothy 'Dum Dum' Dugan
85.4%
Justin Hammer
82.9%
Jasper Sitwell
78%
Claire Wise
75.6%
Felix Blake
58.5%
Jackson Norriss
57.3%
John Flynn
56.1%
Bennie Pollack
56.1%

You're not logged in!

Compare scores with friends on all Sporcle quizzes.
OR
Log In

You Might Also Like...

Show Comments

Extras

Top Quizzes Today


Score Distribution

Your Account Isn't Verified!

In order to create a playlist on Sporcle, you need to verify the email address you used during registration. Go to your Sporcle Settings to finish the process.

Report this User

Report this user for behavior that violates our Community Guidelines.

Details: